Responses for Show #6182 - Tuesday, June 28, 2011

Contestants

[<< previous game]

Polly Ruf, a zoo docent from Chesterfield, Missouri

Chris Clayton, an agribusiness finance attorney from Denver, Colorado

Adam Marshall, a student of government originally from Bethesda, Maryland (whose 1-day cash winnings total $26,600)

[next game >>]

Jeopardy! Round responses

"H"EALTH & MEDICINE
ON MY DOG'S iPOD
LESSER-KNOWN NAMES
THE INTERNET
OUT OF JAIL
LA CATEGORIE JEOPARDY!
(Alex: Each correct response will be a Jeopardy! category that we have translated in French, obviously.)
    $200 11
hay fever

Adam
    $200 1
George Clinton

Polly
    $200 16
(Chris: Who are the Three Stooges?)

the Pep Boys

Chris
Triple Stumper
    $200 26
Bloomingdales

Chris
    $200 6
Stalin

Adam
    $200 21
STUPID ANSWERS

Adam
    $400 12
hypertension

Adam
    $400 2
"Bell"

Polly
    $1,000 17
(Adam: What is Mount Rushmore?)

the quarter

Adam
    $400 27
the Library of Congress

Chris
    $400 7
Jane Fonda

Polly
    $400 22
POTENT POTABLES

Adam
    $600 13
the hamstring muscles

Triple Stumper
    $600 3
Ozzy Osbourne

Chris
    $600 18
Sun-Maid

Adam
    $600 28
[The end-of-round signal sounds.]

PayPal

Polly
    $600 8
(Lech) Walesa

Adam
    $600 23
LAKES & RIVERS

Triple Stumper
    $800 14
hemoglobin

Chris
    $800 4
"The Bone"

Polly
    $800 19
the TSA

Adam
    $800 9
Jimmy Hoffa

Chris
    $800 24
BEFORE & AFTER

Polly
    $1000 15
hysterectomy

Adam
    $1000 5
[Polly lets the title act as its own phrasing.]
(Alex: And you don't have to add a double question to that one.)

"Who Let The Dogs Out"

Polly
    $1000 20
Watson & Crick

Polly
    $1000 10
(Timothy) Leary

Adam
    $1000 25
THOSE DARN ETRUSCANS

Polly

Scores at the first commercial break (after clue 15):

Adam Chris Polly
$3,400 $2,200 $2,800

Scores at the end of the Jeopardy! Round:

Adam Chris Polly
$4,400 $2,600 $6,200

Double Jeopardy! Round responses

LAKES & RIVERS
MOVIES BY INITIALS
19th CENTURY AMERICAN LIT
INCLUDES A PAPAL NAME
GIMME 5
"O" YES!
    $400 9
(Polly: What is Canada?)

England

Polly
Triple Stumper
    $400 18
How to Train Your Dragon

Chris
    $400 2
Uncle Tom's Cabin

Chris
    $400 1
Orange Julius

Adam
    $400 26
80

Chris
    $400 16
Old Faithful

Chris
    $800 10
Uganda

Triple Stumper
    $800 19
Iron Man

Adam
    $800 5
(Hernando) Cortes

Adam
    $800 3
an innocent man

Adam
    $800 27
(Chris: What is 25?)

125

AdamChris
    $800 17
Billy Ocean

Polly
    $1200 11
Kazakhstan

Adam
    $1200 20
Shrek Forever After

Chris
    $1200 6
a Country

Adam
    $1200 4
Linus

Polly
    $1200 28
100

Adam
    $1200 23
Osiris

Adam
    $1600 12
the Euphrates

Adam
    $1600 21
There Will Be Blood

Chris
    $1600 7
The House of the Seven Gables

Triple Stumper
    $1600 14
Urban Outfitters

Adam
    $600 29
(Alex: 5 times 360.)

1800

Adam
    $1600 24
omerta

Adam
    $2000 13
(Adam: What is the Rhine?)
(Polly: What is the Rhone?)

the Elbe

AdamPolly
Triple Stumper
    $2000 22
Good Night and Good Luck

Adam
    $2000 8
(Adam: Who is O. Henry?)

Bret Harte

Adam
Triple Stumper
    $3,000 15
inclement

Adam
    $2000 30
55

Chris
    $2000 25
okapi

Adam

Scores at the end of the Double Jeopardy! Round:

Adam Chris Polly
$21,200 $8,200 $5,800
(lock game)

[wagering suggestions for these scores]

Final Jeopardy! Round responses

FAMOUS NAMES
PollyWho is Gerald Ford?
$5,000
ChrisWho is Gerald Ford?
$3,401
AdamWho is Gerald Ford?
$4,000
Gerald Ford

Final scores:

Adam Chris Polly
$25,200 $11,601 $10,800
2-day champion: $51,800 2nd place: $2,000 3rd place: $1,000

Game dynamics:

Coryat scores:

Adam Chris Polly
$22,200 $8,200 $5,800
26 R
(including 2 DDs),
3 W
(including 1 DD)
12 R,
2 W
11 R,
2 W

Combined Coryat: $36,200

[game clues] [game scores] [suggest correction]

Game tape date: 2011-03-02
The J! Archive is created by fans, for fans. Scraping, republication, monetization, and malicious use prohibited; this site may use cookies and collect identifying information. See terms. The Jeopardy! game show and all elements thereof, including but not limited to copyright and trademark thereto, are the property of Jeopardy Productions, Inc. and are protected under law. This website is not affiliated with, sponsored by, or operated by Jeopardy Productions, Inc. Join the discussion at JBoard.tv.